000 00461nam a2200169Ia 4500
008 090711s9999 xx 000 0 und d
082 _b11293
100 _aपारगांवकर वि. शं.
245 _aललाट
260 _c1962
300 _a114
600 _aपारगांवकर वि. शं.
630 _aललाट
700 _aपारगांवकर वि. शं.
730 _aललाट
942 _cBOOK
999 _c326824
_d326824